Państwa z największą liczbą wygranych turniejów Wielkiego Szlema - Statystyki

Ogólne statystyki
  • Ten quiz został rozwiązany 2 340 razy
  • Średni wynik to 9 z 10
Statystyki odpowiedzi
# łącznie Najlepszy zawodnik / zawodniczka Państwo % Poprawnych
146 Serena Williams Stany Zjednoczone
100%
14 Marija Szarapowa Rosja
98%
42 Rafael Nadal Hiszpania
97%
35 Novak Djokovic Serbia
96%
25 Björn Borg Szwecja
94%
29 Roger Federer Szwajcaria
90%
32 Steffi Graf Niemcy
89%
45 Margaret Court Australia
76%
22 Ivan Lendl Czechosłowacja
64%
11 Justine Henin Belgia
62%
Nie znaleziono quizów pasujących do podanych kryteriów
Rozkład punktacji
Procent ludzi z każdym wynikiem
Percentyl według liczby udzielonych odpowiedzi
Twoja historia wyników
Nie rozwiązałeś tego quizu